Vázlat a gondolkodásról, isten- és emberteremtő erejéről
Elmentve itt :
| Szerző: | |
|---|---|
| További közreműködők: | |
| Dokumentumtípus: | Könyv része |
| Megjelent: |
1992
|
| Sorozat: | Ész, élet, egzisztencia
A ráció és határai |
| Kulcsszavak: | Filozófia - spanyol - 20. sz. |
| Tárgyszavak: | |
| Online Access: | http://acta.bibl.u-szeged.hu/9431 |
| LEADER | 00837naa a2200241 i 4500 | ||
|---|---|---|---|
| 001 | acta9431 | ||
| 005 | 20211215115239.0 | ||
| 008 | 161015s1992 hu o 0|| hun d | ||
| 022 | |a 0866-028X | ||
| 040 | |a SZTE Egyetemi Kiadványok Repozitórium |b hun | ||
| 041 | |a hun | ||
| 100 | 2 | |a Ortega y Gasset José | |
| 245 | 1 | 0 | |a Vázlat a gondolkodásról, isten- és emberteremtő erejéről |h [elektronikus dokumentum] / |c Ortega y Gasset José |
| 260 | |c 1992 | ||
| 300 | |a 313-342 | ||
| 490 | 0 | |a Ész, élet, egzisztencia | |
| 490 | 0 | |a A ráció és határai | |
| 650 | 4 | |a Bölcsészettudományok | |
| 650 | 4 | |a Filozófia, etika és vallástudományok | |
| 695 | |a Filozófia - spanyol - 20. sz. | ||
| 700 | 0 | 1 | |a Csejtei Dezső |
| 700 | 0 | 1 | |a Székács Vera |
| 856 | 4 | 0 | |u http://acta.bibl.u-szeged.hu/9431/1/esz_002_003_313-342.pdf |z Dokumentum-elérés |